Statistics for Male Track and Field World record holders

Click here to take the quiz!

General Stats

  • This quiz has been taken 31 times
  • The average score is 10 of 24

Answer Stats

HintRecordAnswer% Correct
100 m9.58Usain Bolt
100%
200 m19.19Usain Bolt
100%
4x100 m relay36.84Jamaica
74%
4x400 m relay2:54.29USA
74%
800 m1:40.91David Rudisha
65%
400 m43.03Wayde van Niekerk
52%
Triple jump18.29 mJonathan Edwards
48%
Long Jump8.95 mMike Powell
48%
Pole Vault6.18 mArmand Duplantis
45%
10000 m26:17.53Kenenisa Bekele
45%
5000 m12:37.35Kenenisa Bekele
45%
Marathon2:01:39Eliud Kipchoge
42%
High Jump2.45 mJavier Sotomayor
42%
1500 m3:26.00Hicham El Guerrouj
39%
Javelin throw98.48 mJan Železný
35%
400 m hurdles46.78Kevin Young
35%
110 m hurdles12.80Eries Merritt
32%
Decathlon9126 ptsKevin Mayer
32%
Shot put23.12 mRandy Barnes
23%
Discus throw74.08 mJürgen Schult
16%
3000 m steeplechase7:53.63Saif Saaeed Shaheen
10%
Hammer throw86.74 mYuriy Sedykh
10%
50 km walk3:32:33Yohann Diniz
6%
20 km walk1:16:36Yusuke Suzuki
6%

Score Distribution

Percentile by Number Answered

Percent of People with Each Score

Your Score History

You have not taken this quiz